LIBRARY ONLINE CATALOGUE

Algorithms in Java : (Record no. 3942)

MARC details
000 -LEADER
fixed length control field 00682cam a22002172 4500
001 - CONTROL NUMBER
control field 0000019457
005 - DATE AND TIME OF LATEST TRANSACTION
control field 20151217145915.0
008 - FIXED-LENGTH DATA ELEMENTS--GENERAL INFORMATION
fixed length control field 101117s xx 000 0 eng d
020 ## - INTERNATIONAL STANDARD BOOK NUMBER
International Standard Book Number 0201361213 :
040 ## - CATALOGING SOURCE
Original cataloging agency KABU
Transcribing agency KABU
100 1# - MAIN ENTRY--PERSONAL NAME
Personal name Sedgewick, Robert.
-- 0000148168
245 10 - TITLE STATEMENT
Title Algorithms in Java :
Remainder of title parts 5; graph algorithms /
Statement of responsibility, etc. Robert Sedgewick.
250 ## - EDITION STATEMENT
Edition statement 3rd ed.
260 ## - PUBLICATION, DISTRIBUTION, ETC. (IMPRINT)
Place of publication, distribution, etc. Boston :
Name of publisher, distributor, etc. Addisn-Wesley,
Date of publication, distribution, etc. 2003.
300 ## - PHYSICAL DESCRIPTION
Extent xvii, 496 p.
650 #0 - SUBJECT ADDED ENTRY--TOPICAL TERM
Topical term or geographic name as entry element Java (Computer program language)
-- 0000148169
650 #0 - SUBJECT ADDED ENTRY--TOPICAL TERM
Topical term or geographic name as entry element Computer algorithms.
-- 0000148170
852 1# - LOCATION
-- p3424.20 KES
908 ## - PUT COMMAND PARAMETER (RLIN)
Put command parameter 101117
950 ## - LOCAL HOLDINGS (RLIN)
-- 1
Holdings
Withdrawn status Lost status Source of classification or shelving scheme Not for loan Home library Current library Date acquired Total Checkouts Total Renewals Full call number Barcode Date last seen Date last checked out Price effective from Koha item type
    Library of Congress Classification   Kabarak, Main Campus Kabarak, Main Campus 17/12/2015 1 1 QA76.73 .J38S43 2003 Pt. 5 c. 1 23221 26/11/2018 12/11/2018 17/12/2015 General Collection